|
|
|
|
| LEADER |
00000nab a2200000 a 4500 |
| 001 |
vtls000535791 |
| 003 |
SK-MaSNL |
| 005 |
20260318132929.0 |
| 008 |
160202c1994 xo 0 hun |
| 015 |
|
|
|a SNBRB19rr/mm-uuuuu
|
| 035 |
|
|
|a CL0535929
|
| 040 |
|
|
|a SNKBUCL
|b slo
|c SNKBUCL
|e AACR2
|
| 041 |
0 |
|
|a hun
|
| 044 |
|
|
|a xo
|c SK
|
| 080 |
|
|
|a 372.870(091):371.671:7.01(091)(048)
|2 1981
|
| 080 |
|
|
|a 371.671
|2 1981
|
| 080 |
|
|
|a 7.01(091)(048)
|2 1981
|
| 100 |
1 |
|
|a -lamér-
|4 aut
|9 864193
|
| 245 |
1 |
0 |
|a Művészettörténet - dióhéjban
|c -lamér-
|
| 650 |
0 |
7 |
|a umenie
|2 snkbucl
|9 1060
|
| 650 |
0 |
7 |
|a dejiny umenia
|2 snkbucl
|9 1066
|
| 650 |
0 |
7 |
|a odborné školy
|2 snkbucl
|9 30284
|
| 650 |
0 |
7 |
|a učebnice
|2 snkbucl
|9 74147
|
| 651 |
|
7 |
|a 5203
|2 snkbucl
|9 380309
|
| 655 |
|
7 |
|a články z novín a časopisov
|2 snkbucl
|9 267496
|
| 700 |
1 |
|
|a Nagy, László G.
|4 aut
|9 409449
|
| 773 |
0 |
|
|t A Hét
|g Roč. 39, č. 52 (1994), s. 28
|
| 787 |
0 |
8 |
|i Rec.:
|a Nagy G., László
|t A művészettörténeti korszakok áttekintése
|d Mostová : Cservenka Alapítvány, 1994
|
| 850 |
|
|
|a Slovenská národná knižnica v Martine
|a DSG001
|
| 852 |
|
|
|a SNK
|b KIS3GCP
|
| 958 |
|
|
|a RK
|
| 958 |
|
|
|a HU
|
| 992 |
|
|
|a RBX
|
| 999 |
|
|
|c 2084513
|d 2086443
|